| 000 | 00507nam a2200145Ia 4500 | ||
|---|---|---|---|
| 008 | 140724s9999 xx 000 0 und d | ||
| 050 |
_aRT 89 _b.On58 2010 |
||
| 100 | _aOng, Lani Rae B. | ||
| 245 | 2 |
_aA comparative study on uniform preference for female nurses at Urban Tertiary Hospital / _cLani Rae B. Ong. |
|
| 260 |
_aLas PiƱas, Philippines : _bSouthville International School and Colleges, _cc2010. |
||
| 300 |
_a61 p. : _bcol. ill. ; _c28 cm. |
||
| 521 | _aNursing | ||
| 942 | _cTH | ||
| 999 |
_c228679 _d228679 |
||